<?xml version="1.0" encoding="UTF-8"?>
<record
    xmlns:xsi="http://www.w3.org/2001/XMLSchema-instance"
    xsi:schemaLocation="http://www.loc.gov/MARC21/slim http://www.loc.gov/standards/marcxml/schema/MARC21slim.xsd"
    xmlns="http://www.loc.gov/MARC21/slim">

  <leader>01494nam a2200385 a 4500</leader>
  <controlfield tag="001">000109395</controlfield>
  <controlfield tag="003">CHAP</controlfield>
  <controlfield tag="005">20220329144049.0</controlfield>
  <controlfield tag="008">140424s2013    mx a    sm   |||||||spa d</controlfield>
  <datafield tag="010" ind1=" " ind2=" ">
    <subfield code="a">105857</subfield>
  </datafield>
  <datafield tag="011" ind1=" " ind2=" ">
    <subfield code="a">106829</subfield>
  </datafield>
  <datafield tag="040" ind1=" " ind2=" ">
    <subfield code="c">CHAP</subfield>
  </datafield>
  <datafield tag="090" ind1=" " ind2=" ">
    <subfield code="a">Tesis</subfield>
  </datafield>
  <datafield tag="100" ind1="1" ind2=" ">
    <subfield code="a">Felipe Ram&#xED;rez, Agust&#xED;n</subfield>
    <subfield code="9">126569</subfield>
  </datafield>
  <datafield tag="245" ind1="1" ind2="0">
    <subfield code="a">Efecto del nitr&#xF3;geno sobre la incidencia de Puccinia striiformis f. sp. tritici Eriks y sus repercuciones en el rendimiento</subfield>
    <subfield code="h">[En l&#xED;nea]</subfield>
    <subfield code="c">por Agust&#xED;n Felipe Ram&#xED;rez.</subfield>
  </datafield>
  <datafield tag="260" ind1=" " ind2=" ">
    <subfield code="a">Chapingo, M&#xE9;x. :</subfield>
    <subfield code="b">El autor,</subfield>
    <subfield code="c">2013.</subfield>
  </datafield>
  <datafield tag="500" ind1=" " ind2=" ">
    <subfield code="a">Para ver el contenido del material haga clic en la liga</subfield>
  </datafield>
  <datafield tag="502" ind1=" " ind2=" ">
    <subfield code="a">Tesis (Ing. Agr. Esp. en Parasitolog&#xED;a Agr&#xED;cola) -- UACH. Departamento de Parasitolog&#xED;a Agr&#xED;cola</subfield>
  </datafield>
  <datafield tag="590" ind1=" " ind2=" ">
    <subfield code="a">BATCH-UPD</subfield>
    <subfield code="b">05</subfield>
    <subfield code="c">20141002</subfield>
    <subfield code="l">UCH01</subfield>
    <subfield code="h">0901</subfield>
  </datafield>
  <datafield tag="590" ind1=" " ind2=" ">
    <subfield code="a">E5995AHE</subfield>
    <subfield code="b">05</subfield>
    <subfield code="c">20140424</subfield>
    <subfield code="l">UCH01</subfield>
    <subfield code="h">0957</subfield>
  </datafield>
  <datafield tag="590" ind1=" " ind2=" ">
    <subfield code="a">E5995AHE</subfield>
    <subfield code="b">05</subfield>
    <subfield code="c">20140424</subfield>
    <subfield code="l">UCH01</subfield>
    <subfield code="h">0957</subfield>
  </datafield>
  <datafield tag="590" ind1=" " ind2=" ">
    <subfield code="a">E5995AHE</subfield>
    <subfield code="b">05</subfield>
    <subfield code="c">20140424</subfield>
    <subfield code="l">UCH01</subfield>
    <subfield code="h">1342</subfield>
  </datafield>
  <datafield tag="590" ind1=" " ind2=" ">
    <subfield code="a">E5995AHE</subfield>
    <subfield code="b">05</subfield>
    <subfield code="c">20140424</subfield>
    <subfield code="l">UCH01</subfield>
    <subfield code="h">1342</subfield>
  </datafield>
  <datafield tag="590" ind1=" " ind2=" ">
    <subfield code="a">E5995AHE</subfield>
    <subfield code="b">05</subfield>
    <subfield code="c">20140424</subfield>
    <subfield code="l">UCH01</subfield>
    <subfield code="h">1349</subfield>
  </datafield>
  <datafield tag="590" ind1=" " ind2=" ">
    <subfield code="a">E5995AHE</subfield>
    <subfield code="b">05</subfield>
    <subfield code="c">20140424</subfield>
    <subfield code="l">UCH01</subfield>
    <subfield code="h">1351</subfield>
  </datafield>
  <datafield tag="650" ind1="1" ind2="4">
    <subfield code="a">Fertilizantes para trigo.</subfield>
    <subfield code="9">40641</subfield>
  </datafield>
  <datafield tag="650" ind1="1" ind2="4">
    <subfield code="a">Nitr&#xF3;geno</subfield>
    <subfield code="x">Efecto en trigo.</subfield>
    <subfield code="9">81467</subfield>
  </datafield>
  <datafield tag="650" ind1="1" ind2="4">
    <subfield code="a">Roya de los cereales.</subfield>
    <subfield code="9">100379</subfield>
  </datafield>
  <datafield tag="650" ind1="1" ind2="4">
    <subfield code="a">Trigo</subfield>
    <subfield code="x">Enfermedades por hongos.</subfield>
    <subfield code="9">115018</subfield>
  </datafield>
  <datafield tag="650" ind1="1" ind2="4">
    <subfield code="a">Trigo</subfield>
    <subfield code="x">Variedades.</subfield>
    <subfield code="9">115119</subfield>
  </datafield>
  <datafield tag="856" ind1=" " ind2=" ">
    <subfield code="a">Finding aid</subfield>
    <subfield code="u">http://10.13.5.2/tesis/sist109395.pdf</subfield>
    <subfield code="z">Teclea aqu&#xED;</subfield>
  </datafield>
  <datafield tag="901" ind1=" " ind2=" ">
    <subfield code="a">BK</subfield>
  </datafield>
  <datafield tag="942" ind1=" " ind2=" ">
    <subfield code="c">TESIS</subfield>
  </datafield>
  <datafield tag="942" ind1=" " ind2=" ">
    <subfield code="n">0</subfield>
  </datafield>
  <datafield tag="999" ind1=" " ind2=" ">
    <subfield code="c">105857</subfield>
    <subfield code="d">105857</subfield>
  </datafield>
  <datafield tag="952" ind1=" " ind2=" ">
    <subfield code="0">0</subfield>
    <subfield code="1">0</subfield>
    <subfield code="2">local</subfield>
    <subfield code="4">0</subfield>
    <subfield code="7">1</subfield>
    <subfield code="8">TESIS</subfield>
    <subfield code="a">BC</subfield>
    <subfield code="b">BC</subfield>
    <subfield code="d">2014-04-24</subfield>
    <subfield code="f">TESIS</subfield>
    <subfield code="l">0</subfield>
    <subfield code="o">Tesis</subfield>
    <subfield code="p">33724002395959</subfield>
    <subfield code="r">2019-12-31 00:00:00</subfield>
    <subfield code="w">2014-04-24</subfield>
    <subfield code="y">CD</subfield>
  </datafield>
  <datafield tag="952" ind1=" " ind2=" ">
    <subfield code="0">0</subfield>
    <subfield code="1">0</subfield>
    <subfield code="2">local</subfield>
    <subfield code="4">0</subfield>
    <subfield code="7">1</subfield>
    <subfield code="8">TESIS</subfield>
    <subfield code="a">BC</subfield>
    <subfield code="b">BC</subfield>
    <subfield code="d">2014-04-24</subfield>
    <subfield code="f">TESIS</subfield>
    <subfield code="l">0</subfield>
    <subfield code="o">Tesis</subfield>
    <subfield code="p">33724002395991</subfield>
    <subfield code="r">2019-12-31 00:00:00</subfield>
    <subfield code="t">c.2</subfield>
    <subfield code="w">2014-04-24</subfield>
    <subfield code="y">CD</subfield>
  </datafield>
</record>
